'Little' Things Quiz Stats

 Plays Quiz Updated Aug 8, 2018

Score 0/20 Timer 04:00
1 Play Today
% Correct
The Little Mermaid
96.6%
Little Red Riding Hood
94.6%
Stuart Little
88.6%
Chicken Little
87.5%
Little House on the Prairie
78.6%
Little Women
76.3%
Little John
75.6%
Pretty Little Liars
69.6%
Little Richard
69.1%
Little Shop of Horrors
60.8%
% Correct
Little Fockers
54.1%
Little Miss Sunshine
53.9%
Little Bighorn
51.8%
Little Nicky
47.9%
Littlefinger
39.8%
Little Mix
32.2%
Little Rock
30.3%
The Little Red Hen
28.5%
Big Little Lies
26.6%
Little Dorrit
23.4%

You're not logged in!

Compare scores with friends on all Sporcle quizzes.
OR
Log In

You Might Also Like...

Show Comments

Extras

Top Quizzes Today


Score Distribution

Your Account Isn't Verified!

In order to create a playlist on Sporcle, you need to verify the email address you used during registration. Go to your Sporcle Settings to finish the process.

Report this User

Report this user for behavior that violates our Community Guidelines.

Details: